| 000 | 00428 a2200157 4500 | ||
|---|---|---|---|
| 020 | _a9780141036137 (pbk.) | ||
| 035 | _a(OCoLC)51913825 | ||
| 040 |
_aDLC _bDLC |
||
| 082 | _a823.912 | ||
| 245 | 1 | 0 |
_aAnimal farm : a fairy story _ba fairy story _cGeorge Orwell. |
| 260 |
_aLondon : _bPenguin Books, _c2008. |
||
| 300 |
_a94 p. ; _c18 cm. |
||
| 650 | 0 | _aTotalitarianism | |
| 650 | 0 | _aDomestic animals | |
| 942 |
_cBK _k823.912 ORW _2ddc |
||
| 999 |
_c10732 _d10732 |
||